[Event "ECC"]
[Site "Halkidiki GRE"]
[Date "2002.09.26"]
[Round "5"]
[White "Lehtinen,H"]
[Black "Stryjecki,M"]
[Result "1-0"]
[WhiteElo "2338"]
[BlackElo "2424"]
[EventDate "2002.09.22"]

1. c4 g6 2. g3 Bg7 3. Bg2 d6 4. Nc3 Nf6 5. d3 O-O 6. Bg5 a6 7. Qd2 c5 8.
Bh6 Nc6 9. h4 Bxh6 10. Qxh6 Ng4 11. Qd2 h5 12. f3 Nf6 13. g4 hxg4 14. h5
Kg7 15. hxg6 Rh8 16. fxg4 Bxg4 17. gxf7 Rxh1 18. Bxh1 Qh8 19. Bxc6 Qh4+ 20.
Kd1 bxc6 21. Kc2 Qf2 22. e3 Qxd2+ 23. Kxd2 Rh8 24. Nge2 Rh2 25. Rf1 Kxf7
26. Ke1 Ke8 27. Rf2 Rh1+ 28. Kd2 Nd7 29. Rg2 Ne5 30. Kc2 Bf5 31. e4 Bg4 32.
b3 Kd7 33. Rf2 Nf3 34. Nf4 Rg1 35. Nce2 Ra1 36. Nc1 e5 37. Nfe2 Ne1+ 38.
Kb2 Bxe2 39. Rxe2 Rxc1 40. Kxc1 Nxd3+ 41. Kd2 Nf4 42. Rh2 Ne6 43. Rh7+ Kc8
44. Re7 Nc7 45. Ke3 Kd8 46. Rh7 Ne6 47. Rf7 Kc8 48. Re7 Nc7 49. Kf3 a5 50.
Kg4 Na6 51. Kf5 Nb4 52. Ke6 Nxa2 53. Kxd6 Nc1 54. Kxc6 Kd8 55. Rb7 Kc8 56.
Rb5 1-0

[Event "ECC"]
[Site "Halkidiki GRE"]
[Date "2002.09.26"]
[Round "5"]
[White "Vanderstricht,G"]
[Black "Penttinen,J"]
[Result "1-0"]
[WhiteElo "2404"]
[BlackElo "2366"]
[EventDate "2002.09.22"]

1. d4 Nf6 2. c4 c5 3. d5 b5 4. cxb5 a6 5. bxa6 g6 6. Nc3 Bxa6 7. Nf3 d6 8.
g3 Nbd7 9. Bg2 Bg7 10. Rb1 Qa5 11. O-O Nb6 12. a3 Nc4 13. b4 cxb4 14. axb4
Qc7 15. Nd4 Nd7 16. Rb3 Ndb6 17. Nc6 O-O 18. Bg5 Rfe8 19. Qc1 Bb7 20. Nb5
Qd7 21. Nbd4 e6 22. dxe6 fxe6 23. b5 d5 24. Rd1 Rac8 25. Bh3 Nd6 26. Qc5
Ne4 27. Qxb6 Nxg5 28. Bg2 Ne4 29. Ra3 Ra8 30. Rxa8 Bxa8 31. Rc1 e5 32. Nb3
Qd6 33. Nc5 Nd2 34. Rd1 Nc4 35. Rxd5 Nxb6 36. Rxd6 Bf8 37. Re6 Rc8 38. Nd3
Kf7 39. Rxe5 Nc4 40. Bd5+ Kg7 41. Bxc4 1-0

[Event "ECC"]
[Site "Halkidiki GRE"]
[Date "2002.09.26"]
[Round "5"]
[White "Roofdhooft,M"]
[Black "Hokkanen,P"]
[Result "0-1"]
[WhiteElo "2260"]
[BlackElo "2248"]
[EventDate "2002.09.22"]

1. e4 c5 2. Nf3 Nc6 3. d4 cxd4 4. Nxd4 g6 5. c4 Bg7 6. Be3 Nf6 7. Nc3 O-O
8. Be2 b6 9. O-O Bb7 10. f3 Qb8 11. Qd2 Rd8 12. b3 d6 13. Rae1 Rd7 14. Bd1
Qf8 15. Kh1 e6 16. f4 Rad8 17. Bc2 d5 18. cxd5 exd5 19. Nxc6 Bxc6 20. e5
Ne4 21. Nxe4 dxe4 22. Qc3 Bb5 23. Rf2 Rc8 24. Qb2 Qb4 25. Rg1 Bf8 26. h3
Bc5 27. a3 Qxa3 28. Qxa3 Bxa3 29. Bxe4 Rc3 30. Rf3 Be2 31. Rg3 Bc5 32. Re1
Bxe3 33. Rxe2 Rd1+ 34. Kh2 Bg1+ 35. Kh1 Bf2+ 36. Kh2 Bxg3+ 0-1

[Event "ECC"]
[Site "Halkidiki GRE"]
[Date "2002.09.26"]
[Round "5"]
[White "Natri,A"]
[Black "Dardha,A"]
[Result "0-1"]
[WhiteElo "2189"]
[BlackElo "2245"]
[EventDate "2002.09.22"]

1. c4 Nf6 2. g3 g6 3. Bg2 Bg7 4. Nc3 O-O 5. e4 d6 6. Nge2 c5 7. O-O Nc6 8.
d3 a6 9. h3 Rb8 10. f4 e6 11. Be3 Ne8 12. Qd2 Nd4 13. f5 exf5 14. exf5 Bxf5
15. Bh6 Nxe2+ 16. Nxe2 Bxh6 17. Qxh6 Bxd3 18. Nf4 Bxf1 19. Rxf1 Ng7 20. Nd5
f5 21. Nf4 Qf6 22. Bd5+ Kh8 23. h4 b5 24. b3 Rbe8 25. Rf2 Re7 26. g4 g5 27.
Qxf6 Rxf6 28. hxg5 Rf8 29. Rh2 Re1+ 30. Kf2 fxg4 31. Kxe1 Rxf4 32. Rh6 Nf5
33. Rf6 Kg7 0-1

[Event "ECC"]
[Site "Halkidiki GRE"]
[Date "2002.09.26"]
[Round "5"]
[White "Parker,J"]
[Black "Stefansson,H"]
[Result "0-1"]
[WhiteElo "2570"]
[BlackElo "2588"]
[EventDate "2002.09.22"]

1. d4 Nf6 2. c4 e6 3. Nf3 b6 4. Nc3 Bb7 5. a3 d5 6. cxd5 Nxd5 7. Qc2 Be7 8.
e3 O-O 9. Bd3 h6 10. e4 Nxc3 11. bxc3 c5 12. O-O Qc8 13. Qe2 cxd4 14. cxd4
Ba6 15. Bb2 Bxd3 16. Qxd3 Nd7 17. Rfe1 Rd8 18. a4 Qb7 19. Bc3 Rac8 20. Bd2
Bf6 21. Qb3 Nb8 22. Bc3 Rc7 23. h4 Rdc8 24. Re3 Rc4 25. e5 Be7 26. Nd2 R4c7
27. g3 Qd5 28. Rb1 Rd7 29. Nf3 Qxb3 30. Rxb3 Rd5 31. Rb5 Rc4 32. Rxd5 exd5
33. a5 b5 34. Nd2 Ra4 35. Nb3 Nc6 36. Re1 Ra3 37. Rb1 b4 38. Bd2 Nxa5 39.
Nc5 Bxc5 40. dxc5 Nc6 41. Bxb4 Ra4 42. Bd2 Rc4 43. Rb7 Rxc5 44. Rc7 Rc4 0-1

[Event "ECC"]
[Site "Halkidiki GRE"]
[Date "2002.09.26"]
[Round "5"]
[White "Olafsson,H"]
[Black "Dishman,S"]
[Result "1/2-1/2"]
[WhiteElo "2476"]
[BlackElo "2297"]
[EventDate "2002.09.22"]

1. d4 Nf6 2. Nf3 d5 3. c4 e6 4. Bg5 Be7 5. Nc3 h6 6. Bxf6 Bxf6 7. e3 O-O 8.
Qc2 Nc6 9. Rc1 a6 10. h3 dxc4 11. Bxc4 e5 12. d5 Ne7 13. Ne4 Nxd5 14. Nxf6+
Nxf6 15. Nxe5 c6 16. O-O Qd6 17. Ng6 Re8 18. Rfd1 Qc7 19. Nf4 Ne4 20. Rd4
Nd6 21. Bb3 Nb5 22. Rd2 Qe7 23. Rcd1 Nc7 24. Rd6 Qe4 25. Qd2 Bf5 26. g4 Be6
27. Rd4 Qf3 28. Kh2 Bxb3 29. axb3 g5 30. Nh5 Nd5 31. e4 Rxe4 32. Rxe4 Qxe4
33. Re1 Qf3 34. Qd4 f6 35. Kg1 1/2-1/2

[Event "ECC"]
[Site "Halkidiki GRE"]
[Date "2002.09.26"]
[Round "5"]
[White "Sands,D"]
[Black "Karlsson,A"]
[Result "1-0"]
[WhiteElo "2246"]
[BlackElo "2347"]
[EventDate "2002.09.22"]

1. d4 d5 2. c4 e6 3. Nc3 Nf6 4. Bg5 Nbd7 5. e3 c6 6. cxd5 exd5 7. Bd3 Bd6
8. Nf3 O-O 9. Qc2 Re8 10. Bxh7+ Kf8 11. Bd3 Qa5 12. O-O Ne4 13. Nxe4 dxe4
14. Bxe4 Nf6 15. Bd3 Bg4 16. Ne5 Bxe5 17. dxe5 Rxe5 18. Bf4 Rd5 19. f3 Rad8
20. Rfd1 Be6 21. e4 Qb6+ 22. Kh1 Rc5 23. Qe2 Nh5 24. Be3 1-0

[Event "ECC"]
[Site "Halkidiki GRE"]
[Date "2002.09.26"]
[Round "5"]
[White "Asmundsson,I"]
[Black "Taylor,P"]
[Result "1/2-1/2"]
[WhiteElo "2338"]
[BlackElo "2224"]
[EventDate "2002.09.22"]

1. e4 c6 2. d4 d5 3. exd5 cxd5 4. Bd3 Nc6 5. c3 Nf6 6. Bg5 Ne4 7. Bxe4 dxe4
8. d5 Ne5 9. Qa4+ Qd7 10. Qxd7+ Bxd7 11. Nd2 Nd3+ 12. Ke2 Nxb2 13. Nxe4 e6
14. dxe6 Bxe6 15. Nf3 f6 16. Be3 Bc4+ 17. Kd2 O-O-O+ 18. Nd4 Bd5 19. f3
Nc4+ 20. Kd3 Nxe3 21. Kxe3 Ba3 22. Nc2 Bxe4 23. Nxa3 Bg6 24. Rhd1 Rhe8+ 25.
Kf2 a6 26. Nc4 Kc7 27. Ne3 Bf7 28. Rd4 Be6 29. Nc2 Rxd4 30. Nxd4 Bc4 31. a3
Re5 32. f4 Ra5 33. g3 Bf7 34. Ke3 Bc4 35. Kd2 Rh5 36. h4 Rd5 37. Ke3
1/2-1/2

[Event "ECC"]
[Site "Halkidiki GRE"]
[Date "2002.09.26"]
[Round "5"]
[White "Tucker,A"]
[Black "Bergsson,Sn"]
[Result "1/2-1/2"]
[WhiteElo "2199"]
[BlackElo "2288"]
[EventDate "2002.09.22"]

1. e4 e6 2. Nc3 d5 3. Nf3 Nf6 4. e5 Nfd7 5. d4 c5 6. dxc5 Nc6 7. Bf4 Bxc5
8. Bd3 Qb6 9. O-O a6 10. a3 Qc7 11. Re1 Nd4 12. Bg3 Nxf3+ 13. Qxf3 Qc6 14.
Ne2 b5 15. c3 O-O 16. Nd4 Qb6 17. Qg4 Re8 18. Bh4 Nf8 19. Re3 Ng6 20. Bxg6
fxg6 21. Rh3 Bxd4 22. cxd4 Bd7 23. Bg5 Rac8 24. Qh4 h5 25. Rd1 Rf8 26. g4
Be8 27. Rg3 hxg4 28. Qxg4 Rc2 29. Rd2 Rc1+ 30. Rd1 Rc2 31. Rd2 Rc1+ 32. Rd1
Rc2 1/2-1/2

[Event "ECC"]
[Site "Halkidiki GRE"]
[Date "2002.09.26"]
[Round "5"]
[White "O'Cinneide,M"]
[Black "Stohl,I"]
[Result "0-1"]
[WhiteElo "2251"]
[BlackElo "2556"]
[EventDate "2002.09.22"]

1. c4 Nf6 2. g3 c6 3. Nf3 d5 4. Bg2 dxc4 5. a4 Be6 6. Na3 Qd5 7. O-O Na6 8.
Qc2 Qc5 9. Qc3 Bd5 10. Qe3 e6 11. Ne5 Qxe3 12. fxe3 Bxa3 13. Rxa3 Nc5 14.
d3 cxd3 15. exd3 Bxg2 16. Kxg2 O-O 17. Bd2 Rfd8 18. Kf3 Nfd7 19. Nxd7 Rxd7
20. d4 e5 21. dxc5 Rxd2 22. Rf2 Rxf2+ 23. Kxf2 Rd8 24. Ke2 f6 25. b4 Rd5
26. Rc3 Kf7 27. h4 e4 28. Rc4 f5 0-1

[Event "ECC"]
[Site "Halkidiki GRE"]
[Date "2002.09.26"]
[Round "5"]
[White "Hurley,J"]
[Black "Bednar,Jar"]
[Result "0-1"]
[WhiteElo "2095"]
[BlackElo "2335"]
[EventDate "2002.09.22"]

1. e4 d5 2. exd5 Nf6 3. d4 Nxd5 4. g3 g6 5. Bg2 Bg7 6. Nf3 c5 7. O-O cxd4
8. Nxd4 O-O 9. Nb5 a6 10. Qxd5 Qxd5 11. Bxd5 axb5 12. c3 Nc6 13. Be3 Rd8
14. Bg2 Be6 15. a3 Bc4 16. Re1 Ne5 17. Nd2 Bd5 18. Bd4 Nc6 19. Be3 f5 20.
Bxd5+ Rxd5 21. Nb3 Ne5 22. Rad1 Rad8 23. Rxd5 Rxd5 24. Nd4 Nc4 25. b3 Nxe3
26. fxe3 e5 27. c4 bxc4 28. bxc4 Rc5 29. Ne6 Rxc4 30. Nxg7 Kxg7 31. Rb1 Rc7
32. Rb6 Kh6 33. h3 Rc3 34. Kf2 Rxa3 35. Rxb7 Ra2+ 36. Kf1 Rh2 37. Re7 e4
38. h4 Kh5 39. Rxh7+ Kg4 40. Rh6 Kxg3 41. Rxg6+ Kf3 42. Kg1 Rxh4 43. Rf6
Rh5 44. Ra6 Kxe3 45. Ra3+ Ke2 46. Ra2+ Ke3 47. Ra3+ Kf4 48. Kf2 Rh2+ 0-1

[Event "ECC"]
[Site "Halkidiki GRE"]
[Date "2002.09.27"]
[Round "6"]
[White "Svidler,P"]
[Black "Akopian,V"]
[Result "1-0"]
[WhiteElo "2690"]
[BlackElo "2678"]
[EventDate "2002.09.22"]

1. e4 Nf6 2. e5 Nd5 3. d4 d6 4. Nf3 g6 5. Bc4 c6 6. exd6 Qxd6 7. O-O Bg7 8.
h3 O-O 9. Re1 Nd7 10. Bb3 b5 11. Nbd2 Bb7 12. Ne4 Qc7 13. Bg5 e6 14. c4
bxc4 15. Bxc4 N5f6 16. Nxf6+ Nxf6 17. Rc1 h6 18. Bh4 Rad8 19. Bb3 Qb6 20.
Qc2 Rde8 21. Bg3 Qb4 22. a3 Qe7 23. Ne5 Nd5 24. Nxc6 Qg5 25. h4 Qg4 26. Qd1
Qxd1 27. Rexd1 Bxc6 28. Rxc6 Ne7 29. Rc4 Nf5 30. Bc7 Rc8 31. d5 exd5 32.
Rxd5 Bxb2 33. Ra5 Nd4 34. Ba2 Rfe8 35. g3 Ne2+ 36. Kg2 Nc1 37. Bb1 Nb3 38.
Rxa7 Nd2 39. Rc2 Bd4 40. Rb7 Nxb1 41. Rxb1 Be5 42. Rbc1 Bxc7 43. Rxc7 Rxc7
44. Rxc7 Re2 45. Kf3 Ra2 46. Ra7 h5 47. a4 Kg7 48. a5 Kf6 49. a6 Ke5 50.
Re7+ Kf6 51. Ra7 Ke5 52. Ke3 Ra3+ 53. Kd2 Ra2+ 54. Kc3 Rxf2 55. Rb7 Ra2 56.
a7 Kf6 57. Kc4 Ra1 58. Kb5 Rb1+ 59. Kc6 Rc1+ 60. Kb6 Rb1+ 61. Kc7 Ra1 62.
Kb8 Kf5 63. Rb4 1-0

[Event "ECC"]
[Site "Halkidiki GRE"]
[Date "2002.09.27"]
[Round "6"]
[White "Baklan,V"]
[Black "Fressinet,L"]
[Result "1/2-1/2"]
[WhiteElo "2614"]
[BlackElo "2619"]
[EventDate "2002.09.22"]

1. e4 e5 2. Nf3 Nf6 3. Nxe5 d6 4. Nf3 Nxe4 5. d4 d5 6. Bd3 Bd6 7. O-O O-O
8. c4 c6 9. Qc2 Na6 10. a3 f5 11. c5 Bb8 12. Bxa6 bxa6 13. Ne5 Bxe5 14.
dxe5 Qe7 15. b4 Qxe5 16. Bb2 Qe8 17. Nd2 f4 18. f3 Nxd2 19. Qxd2 Qe3+ 20.
Qxe3 fxe3 21. Rfe1 Re8 22. Bd4 a5 23. Bxe3 Bf5 24. Bd4 Kf7 25. Bc3 Rxe1+
26. Rxe1 axb4 27. axb4 Bd3 28. Kf2 g6 29. Ke3 Bc4 30. Kd4 Re8 31. Rxe8 Kxe8
32. Ke5 Kf7 33. Kd6 Bb5 34. h4 Ba4 35. Bd4 Bb5 36. g4 a6 37. f4 Ba4 38. Ke5
Bb5 39. f5 gxf5 40. Kxf5 Be2 41. h5 Bb5 42. Ke5 Ba4 43. Kd6 Bb5 44. Kc7 Ba4
45. Kd6 1/2-1/2

[Event "ECC"]
[Site "Halkidiki GRE"]
[Date "2002.09.27"]
[Round "6"]
[White "Nataf,IA"]
[Black "Timofeev,Ar"]
[Result "0-1"]
[WhiteElo "2560"]
[BlackElo "2558"]
[EventDate "2002.09.22"]

1. e4 c5 2. Nf3 d6 3. d4 cxd4 4. Nxd4 Nf6 5. Nc3 e6 6. Bg5 h6 7. Be3 a6 8.
a4 e5 9. Nb3 Be6 10. Be2 Nbd7 11. O-O Be7 12. a5 O-O 13. Ra4 Rc8 14. Nd5
Nxd5 15. exd5 Bf5 16. Bd3 Bxd3 17. Qxd3 Bg5 18. Bxg5 Qxg5 19. Rb4 Rc7 20.
c3 f5 21. f4 Qe7 22. fxe5 Nxe5 23. Qe2 Qf7 24. Rd4 Re7 25. Qd2 Qh5 26. h3
g5 27. Qd1 Qg6 28. Nd2 g4 29. hxg4 Nxg4 30. Qf3 Qh5 31. Qf4 Rf6 32. Rd3 Re2
33. Rh3 Qg5 34. Qxg5+ hxg5 35. Nc4 f4 36. Rd3 Kg7 37. Rd2 Re4 38. b3 Kg6
39. Nb2 Kf5 40. Nd1 Rh6 41. Nf2 Re3 42. Nxg4 Kxg4 43. Rc1 Kg3 44. c4 Rh2
45. Re2 Rxe2 0-1

[Event "ECC"]
[Site "Halkidiki GRE"]
[Date "2002.09.27"]
[Round "6"]
[White "Adams,Mi"]
[Black "Borovikov,V"]
[Result "1-0"]
[WhiteElo "2752"]
[BlackElo "2570"]
[EventDate "2002.09.22"]

1. e4 e6 2. d4 d5 3. Nd2 c5 4. exd5 Qxd5 5. dxc5 Bxc5 6. Ngf3 Nf6 7. Bc4
Qc6 8. O-O O-O 9. Qe2 a6 10. a4 Nbd7 11. Nb3 Bd6 12. Rd1 Nb6 13. Bd3 Nbd5
14. Na5 Qc7 15. Nc4 Be7 16. a5 Bd7 17. Nce5 Nb4 18. Nxd7 Nxd7 19. Bc4 Bf6
20. g3 Ne5 21. Nxe5 Bxe5 22. c3 Nc6 23. Re1 Bf6 24. Qh5 e5 25. Qf5 Be7 26.
Bh6 Rad8 27. Ba2 Rd6 28. Be3 Qxa5 29. h4 Qc7 30. Rad1 g6 31. Qf3 Bf6 32.
Rxd6 Qxd6 33. b4 e4 34. Qxe4 Bxc3 35. Bc5 Qf6 36. Re3 Bd2 37. Re2 Rd8 38.
Qe8+ 1-0

[Event "ECC"]
[Site "Halkidiki GRE"]
[Date "2002.09.27"]
[Round "6"]
[White "Efimenko,Z"]
[Black "Shirov,A"]
[Result "1/2-1/2"]
[WhiteElo "2557"]
[BlackElo "2697"]
[EventDate "2002.09.22"]

1. e4 c5 2. Nf3 d6 3. d4 cxd4 4. Nxd4 Nf6 5. Nc3 a6 6. Be2 e5 7. Nb3 Be7 8.
O-O O-O 9. Kh1 Qc7 10. a4 Be6 11. f4 exf4 12. Nd4 Nbd7 13. Bxf4 Ne5 14. Nf5
Bxf5 15. exf5 Rfe8 16. Qd4 Rac8 17. Rad1 h6 18. Bg3 Nc6 19. Qf2 Qa5 20.
Bxd6 Bxd6 21. Rxd6 Rcd8 22. Rxd8 Rxd8 23. Qf4 Rd4 24. Qe3 Qb4 25. b3 Qd6
26. Bf3 Nb4 27. Ne4 Nxc2 28. Nxf6+ Qxf6 29. Qc3 Nb4 30. Qc8+ Kh7 31. Bxb7
Rf4 32. Bf3 Nd3 33. g3 Rxf3 34. Rxf3 Qa1+ 35. Kg2 1/2-1/2

[Event "ECC"]
[Site "Halkidiki GRE"]
[Date "2002.09.27"]
[Round "6"]
[White "Areshchenko,A"]
[Black "Movsesian,S"]
[Result "1/2-1/2"]
[WhiteElo "2533"]
[BlackElo "2654"]
[EventDate "2002.09.22"]

1. e4 c5 2. Nf3 d6 3. d4 cxd4 4. Nxd4 Nf6 5. Nc3 e6 6. Be2 Be7 7. O-O O-O
8. f4 Nc6 9. Be3 Bd7 10. Qe1 a6 11. Qg3 Qc7 12. Kh1 b5 13. a3 Nxd4 14. Bxd4
Bc6 15. Rae1 Qb7 16. Bd3 b4 17. Nd1 bxa3 18. bxa3 Rad8 19. c3 g6 20. Nf2
Qd7 21. f5 e5 22. Be3 Kh8 23. fxg6 fxg6 24. Bh6 Nh5 25. Qe3 Ng7 26. Nh3 Bh4
27. Rd1 Qg4 28. Bg5 Bxg5 29. Qxg5 Qh5 30. Kg1 h6 31. Rxf8+ Rxf8 32. Qxh5
Nxh5 33. Bxa6 Ra8 34. Be2 Bxe4 35. Bxh5 gxh5 36. Rxd6 Rxa3 1/2-1/2

[Event "ECC"]
[Site "Halkidiki GRE"]
[Date "2002.09.27"]
[Round "6"]
[White "Malakhov,V"]
[Black "Damljanovic,B"]
[Result "1/2-1/2"]
[WhiteElo "2668"]
[BlackElo "2535"]
[EventDate "2002.09.22"]

1. e4 d6 2. d4 Nf6 3. Nc3 e5 4. dxe5 dxe5 5. Qxd8+ Kxd8 6. Bg5 c6 7. O-O-O+
Nbd7 8. Nf3 Ke8 9. Bh4 Bc5 10. Bc4 Bb6 11. Rd2 Bc7 12. Rhd1 Ke7 13. a3 h6
14. b4 Re8 15. Ne1 Nb6 16. Bb3 g5 17. Bg3 Nh5 18. Nd3 f6 19. Nc5 Rd8 20.
Rxd8 Bxd8 21. f3 a5 22. Bf2 axb4 23. axb4 Ra1+ 24. Nb1 Nf4 25. g3 Nh3 26.
Be3 Bc7 27. Kb2 Ra8 28. Nc3 h5 29. Ne2 Rb8 30. Ng1 Nxg1 31. Bxg1 g4 32.
fxg4 Bxg4 33. Re1 Nc8 34. Na4 Nd6 35. c4 Ra8 36. Bc5 Ke8 37. Nc3 Nf7 38.
Rf1 Bd8 39. Be3 Be7 40. c5 Nd8 41. Rh1 b6 42. h3 Be6 43. cxb6 Bxb4 44. Na4
Ra5 45. Kc2 Bxb3+ 46. Kxb3 Rb5 47. Kc2 Nb7 48. g4 hxg4 49. hxg4 Nd6 50.
Rh8+ Kd7 51. Rh7+ Ke6 52. Rc7 Nxe4 53. Rxc6+ Kd5 54. Rc7 Nd6 55. Bf2 Ne4
56. Be3 Bd6 57. Rg7 Ra5 58. Ra7 Rb5 59. Rf7 Rb4 60. Nc3+ Nxc3 61. Kxc3 Rxg4
62. Rxf6 1/2-1/2

[Event "ECC"]
[Site "Halkidiki GRE"]
[Date "2002.09.27"]
[Round "6"]
[White "Ivanisevic,I"]
[Black "Tregubov,P"]
[Result "1/2-1/2"]
[WhiteElo "2550"]
[BlackElo "2599"]
[EventDate "2002.09.22"]

1. d4 d5 2. c4 e6 3. Nc3 Be7 4. Nf3 Nf6 5. e3 O-O 6. Bd3 dxc4 7. Bxc4 c5 8.
O-O a6 9. Qe2 b5 10. Bb3 Bb7 11. Rd1 Nbd7 12. e4 b4 13. d5 bxc3 14. dxe6 c2
15. exf7+ Kh8 16. Bxc2 Qc8 17. e5 Bxf3 18. gxf3 Nxe5 19. Qxe5 Rxf7 20. Be3
Qb7 21. Bb3 Rff8 22. Rac1 Qxf3 23. Qg3 Qh5 24. Rc4 Rad8 25. Rxd8 Rxd8 26.
Kg2 Bd6 27. Qh3 Qg6+ 28. Kh1 Qb1+ 29. Rc1 Qxb2 30. Qe6 Bf8 31. Rg1 Re8 32.
Qf5 Qe5 33. Qxe5 Rxe5 34. Rd1 Be7 35. Bc4 Ng4 36. Rb1 g5 37. Bc1 Re1+ 38.
Kg2 Bf6 39. h4 h6 40. hxg5 hxg5 41. Bxa6 Bd4 42. a4 Nxf2 43. Rb8+ Kg7 44.
Bxg5 Ra1 45. Bb5 Ne4 46. Rb7+ Kg6 47. Bd8 Ra2+ 48. Kf3 Ng5+ 49. Bxg5 Kxg5
50. Ke4 Bc3 51. Rc7 1/2-1/2

[Event "ECC"]
[Site "Halkidiki GRE"]
[Date "2002.09.27"]
[Round "6"]
[White "Rustemov,A"]
[Black "Mitkov,N"]
[Result "1/2-1/2"]
[WhiteElo "2589"]
[BlackElo "2493"]
[EventDate "2002.09.22"]

1. d4 Nf6 2. Nf3 d5 3. c4 e6 4. g3 Bb4+ 5. Bd2 Be7 6. Bg2 c6 7. Qc2 b6 8.
O-O Ba6 9. b3 Nbd7 10. Bf4 Rc8 11. Rd1 O-O 12. Nc3 Nh5 13. Bc1 Nhf6 14. e4
dxc4 15. Bf4 b5 16. bxc4 bxc4 17. Nd2 Qa5 18. Na4 c5 19. d5 e5 20. Be3 Ng4
21. Bh3 Nxe3 22. fxe3 Rcd8 23. Bxd7 Rxd7 24. Nxc4 Bxc4 25. Qxc4 Rb7 26. a3
Bd6 27. Rac1 Rfb8 28. Rc3 g6 29. Kf2 Rb5 30. Rdc1 h5 31. h3 Qd8 32. Qd3 Qc8
33. Kg2 Qa6 34. Qc2 Ra5 35. Rc4 Rab5 36. Rc3 Ra5 37. Rc4 Rab5 38. Rc3 Qc8
39. Qd3 Qa6 40. Qc2 1/2-1/2

[Event "ECC"]
[Site "Halkidiki GRE"]
[Date "2002.09.27"]
[Round "6"]
[White "Georgiev,Vl"]
[Black "Glek,I"]
[Result "1/2-1/2"]
[WhiteElo "2502"]
[BlackElo "2590"]
[EventDate "2002.09.22"]

1. d4 e6 2. c4 f5 3. Nc3 Bb4 4. Nf3 Nf6 5. Qb3 a5 6. g3 b6 7. Bg2 Bb7 8.
O-O O-O 9. Rd1 Qe7 10. Bf4 Bxc3 11. Qxc3 d6 12. c5 Nd5 13. cxd6 cxd6 14.
Bg5 Qd7 15. Qe1 Na6 16. a3 h6 17. Bd2 Nf6 18. Qf1 Ne4 19. Ne1 Nc7 20. Nd3
Nd5 21. Nf4 Rac8 22. Nxd5 Bxd5 23. f3 Nxd2 24. Rxd2 Rc7 25. Rc1 Rfc8 26.
Rxc7 Qxc7 27. e4 Qc1 28. Qxc1 Rxc1+ 29. Kf2 Bc4 30. d5 fxe4 31. dxe6 Bxe6
32. Rxd6 Rc2+ 33. Ke3 Rxg2 34. Rxe6 Rxb2 35. fxe4 Kf7 36. Rc6 Rxh2 37. Rxb6
Ra2 38. Rb7+ Kf6 39. e5+ Kf5 40. g4+ Kxe5 41. Rb5+ Kf6 42. Rf5+ Kg6 43.
Rxa5 Ra1 44. a4 Rg1 45. Kf3 Rf1+ 46. Kg2 Ra1 47. Kg3 Rg1+ 48. Kf3 1/2-1/2

[Event "ECC"]
[Site "Halkidiki GRE"]
[Date "2002.09.27"]
[Round "6"]
[White "Palac,M"]
[Black "Kempinski,R"]
[Result "1-0"]
[WhiteElo "2564"]
[BlackElo "2587"]
[EventDate "2002.09.22"]

1. e4 c5 2. Nf3 d6 3. d4 cxd4 4. Nxd4 Nf6 5. Nc3 a6 6. Be2 e6 7. O-O Be7 8.
f4 Qc7 9. Kh1 Nc6 10. a4 O-O 11. Be3 Na5 12. Qe1 Nc4 13. Bc1 Ne8 14. Bd3
Bd7 15. b3 Na5 16. Bb2 Bf6 17. Nf3 Nc6 18. e5 Be7 19. exd6 Nxd6 20. Qg3 f6
21. f5 Qc8 22. fxe6 Bxe6 23. Rfe1 Rf7 24. Qf4 Bf8 25. Ba3 Nd8 26. Bxd6 Bxd6
27. Qxd6 Qxc3 28. Rad1 Rd7 29. Qb6 Qc6 30. Qf2 Bf7 31. Qh4 Bg6 32. Bxg6
hxg6 33. Re8+ Kf7 34. Rde1 Qxc2 35. Qh8 g5 36. Qh5+ 1-0

[Event "ECC"]
[Site "Halkidiki GRE"]
[Date "2002.09.27"]
[Round "6"]
[White "Rozentalis,E"]
[Black "Yemelin,V"]
[Result "1-0"]
[WhiteElo "2564"]
[BlackElo "2534"]
[EventDate "2002.09.22"]

1. e4 e5 2. Nf3 Nc6 3. Bb5 Nf6 4. O-O Nxe4 5. d4 Nd6 6. Bxc6 dxc6 7. dxe5
Nf5 8. Qxd8+ Kxd8 9. Nc3 Ke8 10. h3 h6 11. Ne2 g6 12. b3 Be6 13. Nf4 Bd5
14. Nxd5 cxd5 15. Bb2 Rg8 16. Rad1 Rd8 17. Rd3 Be7 18. Rfd1 c6 19. c4 dxc4
20. Rxd8+ Bxd8 21. bxc4 Be7 22. Bc1 g5 23. g4 Ng7 24. Be3 b6 25. Rd3 Ne6
26. Nd2 f6 27. exf6 Bxf6 28. c5 bxc5 29. Rd6 Ke7 30. Rxc6 Bd4 31. Ra6 Rb8
32. Ne4 Rb7 33. Kg2 Bxe3 34. fxe3 Rc7 35. Nc3 Rd7 36. Kf3 Kf7 37. Ne4 Rd1
38. Rxa7+ Kf8 39. Rh7 c4 40. Rxh6 Kf7 41. Ke2 Rd5 42. Rf6+ 1-0

[Event "ECC"]
[Site "Halkidiki GRE"]
[Date "2002.09.27"]
[Round "6"]
[White "Pigusov,E"]
[Black "Horvath,Ad"]
[Result "0-1"]
[WhiteElo "2622"]
[BlackElo "2476"]
[EventDate "2002.09.22"]

1. Nf3 c5 2. c4 Nc6 3. Nc3 e5 4. g3 g6 5. Bg2 Bg7 6. a3 a5 7. d3 Nge7 8.
Nd2 d6 9. Rb1 Be6 10. Nf1 O-O 11. Ne3 Qd7 12. h4 h5 13. Ned5 Rab8 14. Qa4
b5 15. Nxe7+ Nxe7 16. Nxb5 d5 17. b3 e4 18. O-O exd3 19. exd3 dxc4 20. dxc4
Bf5 21. Bf4 Bxb1 22. Rxb1 Rbd8 23. Bc7 Qf5 24. Rf1 Rd3 25. Bd6 Bf6 26. Qxa5
Rxb3 27. Qc7 Qc8 28. Qa7 Re8 29. Bxc5 Nf5 30. Bd5 Be7 31. Bb6 Nxg3 32.
Bxf7+ Kf8 33. fxg3 Rxg3+ 34. Kf2 Qh3 35. Bd5 Qh2+ 36. Ke1+ Bf6+ 0-1

[Event "ECC"]
[Site "Halkidiki GRE"]
[Date "2002.09.27"]
[Round "6"]
[White "Horvath,Cs"]
[Black "Kobalia,M"]
[Result "1/2-1/2"]
[WhiteElo "2517"]
[BlackElo "2625"]
[EventDate "2002.09.22"]

1. d4 d5 2. c4 c6 3. Nc3 Nf6 4. e3 a6 5. Qc2 g6 6. Bd3 Bg7 7. Nf3 O-O 8.
O-O Bg4 9. Ne5 Be6 10. Bd2 dxc4 11. Nxc4 b5 12. Ne5 c5 13. dxc5 1/2-1/2

[Event "ECC"]
[Site "Halkidiki GRE"]
[Date "2002.09.27"]
[Round "6"]
[White "Landa,K"]
[Black "Groszpeter,A"]
[Result "1/2-1/2"]
[WhiteElo "2621"]
[BlackElo "2491"]
[EventDate "2002.09.22"]

1. e4 c6 2. d4 d5 3. Nc3 dxe4 4. Nxe4 Bf5 5. Ng3 Bg6 6. Bc4 e6 7. N1e2 Bd6
8. h4 h6 9. Nf4 Bxf4 10. Bxf4 Nf6 11. Qd2 Nbd7 12. Bd3 Bxd3 13. Qxd3 Qa5+
14. Bd2 Qd5 15. c4 Ne5 16. cxd5 Nxd3+ 17. Ke2 Nxb2 18. dxc6 bxc6 19. Rab1
Nc4 20. Rhc1 Nxd2 21. Kxd2 O-O 22. Rxc6 Rfb8 23. Rcc1 Rb6 24. Ne2 Nd5 25.
Nc3 1/2-1/2

[Event "ECC"]
[Site "Halkidiki GRE"]
[Date "2002.09.27"]
[Round "6"]
[White "Suba,M"]
[Black "Kovacevic,A"]
[Result "1/2-1/2"]
[WhiteElo "2507"]
[BlackElo "2551"]
[EventDate "2002.09.22"]

1. c4 c5 2. Nf3 Nf6 3. Nc3 Nc6 4. g3 d5 5. d4 e6 6. cxd5 Nxd5 7. Bg2 cxd4
8. Nxd4 Bc5 9. Nxc6 bxc6 10. O-O O-O 11. Na4 Be7 12. Bd2 Ba6 13. Re1 c5 14.
Rc1 Rc8 15. a3 Qd6 16. Ba5 Qb8 17. Qc2 Qb5 18. Bd2 Rfd8 19. Bf1 Qb7 20.
Rcd1 Bb5 21. Ba5 Rd7 22. e4 Bxf1 23. Rxf1 Nf6 24. Rxd7 Qxd7 25. Rd1 Qb5 26.
Bc3 Qc4 27. f3 h5 28. h4 Rb8 29. Rd2 Rb3 30. Bxf6 Qxc2 31. Rxc2 Bxf6 32.
Kg2 Bd4 33. f4 Kf8 34. e5 Ke7 35. Kh3 f6 36. exf6+ gxf6 37. Nxc5 Rxb2 38.
Rxb2 Bxb2 39. f5 exf5 40. a4 Be5 41. Nd3 Ke6 42. Kg2 f4 43. gxf4 Bd6 44.
Kf3 f5 45. Nc1 Be7 46. Ne2 Bxh4 47. Nd4+ Kd5 48. Nxf5 Bd8 49. Ng7 h4 50. f5
Kc4 51. Ne6 Be7 52. Nc7 a5 53. Kg4 Kb3 54. Ne6 Kxa4 55. Nd4 1/2-1/2

[Event "ECC"]
[Site "Halkidiki GRE"]
[Date "2002.09.27"]
[Round "6"]
[White "Ilincic,Z"]
[Black "Saldano,H"]
[Result "1/2-1/2"]
[WhiteElo "2532"]
[BlackElo "2414"]
[EventDate "2002.09.22"]

1. d4 d5 2. c4 c6 3. Nf3 Nf6 4. e3 a6 5. Nc3 b5 6. b3 Bf5 7. Bd3 Bxd3 8.
Qxd3 e6 9. O-O Be7 10. Bd2 Nbd7 11. Rfc1 O-O 12. cxb5 cxb5 13. a4 b4 14.
Na2 a5 15. Rc6 Ne4 16. Rac1 Bd6 17. Be1 Ndf6 18. R1c2 Qd7 19. Ne5 Bxe5 20.
dxe5 Ng4 21. Qd4 Rac8 22. Rxc8 Rxc8 23. Qa7 Qe8 24. Rxc8 Qxc8 25. f3 h5 26.
fxe4 Qc2 27. Nxb4 Qe2 28. Nc2 Qxc2 29. h3 Qe2 30. Qxa5 Nxe3 31. Qd2 Qf1+
32. Kh2 Qf4+ 33. Kg1 Qf1+ 34. Kh2 Qf4+ 35. Kg1 Qf1+ 36. Kh2 1/2-1/2